000 02665nam0a2200481 4500
001 RU\NLR\bibl\1356794
005 20260406162711.0
010 _a978-5-91055-030-2
_91000
021 _aRU
_b2009-21923
_91297
035 _a(nilc)RSL-KNO-004268263
035 _aRU/Архангельская ОНБ/DOLIB/111735
035 _aEL/0000299858
035 _a(NLR Aleph) 001348988
090 _a908639
_c908639
100 _a20090318d2009 |||y0rusy50 ca
101 0 _arus
102 _aRU
105 _aa |||||||||
200 1 _aНаши монастыри
_e[очерки и рассказы]
_fВ. И. Немирович-Данченко
205 _aПерепеч. с изд. 1904 г. и доп.
210 _aСанкт-Петербург
_cРусская симфония
_d2009
215 _a554, [1] с.
_d22
225 1 _aРусская симфония
300 _aНа 4-й с. обл. авт.: В. И. Немирович-Данченко - рус. писатель.
327 1 _aСодерж.: Соловецкое Подворье; Женская обитель; Святые горы; Валаам
330 _aОчерки и рассказы о посещении писателем четырех русских святых обителей - Соловецкого, Валаамского, Святогорского мужских монастырей и Елецкого женского монастыря.
455 1 _1210##$aСпб.$cИзд. П. П. Сойкина$d1904
606 1 _aМонашество
_yРоссия
_z19 - 20 вв.
_92165004
_3RU\NLR\auth\661302731
610 2 _aРелигия -- Христианство -- Православие -- Русская православная церковь -- Старообрядчество -- Организация церкви -- Монашество. Монашеские объединения -- Монастыри -- Сборник одного автора
610 1 _aХудожественная проза русская
_xза рубежом
_z20 в.
_jСборники
686 _aЭ372.242-647.2я44
_2rubbk
686 _a17.82.30
_2rugasnti
686 _a84(2Рос=Рус)6-4я44
_vLBC/PL
_2rubbk
686 _aЭ372.24-64
700 1 _4070
_8rus
_7ca
_aНемирович-Данченко
_bВ. И.
_f1848-1936
_gВасилий Иванович
_3RU\NLR\auth\779629
_9119446
801 0 _aRU
_bРГБ
_c20090318
_grcr
801 1 _aRU
_bРГБ
_c20090318
801 2 _aRU
_bАрхангельская ОНБ
_c20091023
_gPSBO
801 2 _aRU
_bNLR
_c20090414
_grcr
942 _cBOOK
980 _aNB